Area specialist bibliographer: an inquiry into his role (Record no. 236)

MARC details
000 -LEADER
fixed length control field 00479nam a2200157Ia 4500
020 ## - INTERNATIONAL STANDARD BOOK NUMBER
ISBN 0-8108-0487-5
082 ## - DEWEY DECIMAL CLASSIFICATION NUMBER
Classification number 010.92 STU-A SL1
100 ## - MAIN ENTRY--AUTHOR NAME
Personal name Stueart, Robert D.;
245 #0 - TITLE STATEMENT
Title Area specialist bibliographer: an inquiry into his role
260 ## - PUBLICATION, DISTRIBUTION, ETC. (IMPRINT)
Place of publication New Jersey
Name of publisher Scarecrow Press
Year of publication 1972
300 ## - PHYSICAL DESCRIPTION
Number of Pages xvi, 152p.
504 ## - BIBLIOGRAPHY, ETC. NOTE
Bibliography, etc Includes index
650 ## - SUBJECT ADDED ENTRY--TOPICAL TERM
Topical Term College librarians - Faculty status - United States
650 ## - SUBJECT ADDED ENTRY--TOPICAL TERM
Topical Term Area specialist bibliographers - India
942 ## - ADDED ENTRY ELEMENTS (KOHA)
Koha item type Books
Holdings
Withdrawn status Lost status Damaged status Not for loan Home library Current library Date acquired Full call number Accession Number Price effective from Koha item type
        NASSDOC Library NASSDOC Library 08/06/2004 010.92 STU-A SL1 7092 18/04/2019 Books